AFL Gary Ayres Medal - Statistics

General Stats
  • This quiz has been taken 35 times
    5 since last reset
  • The average score is 8 of 10
Answer Stats
Year Club Answer % Correct
2017 Richmond Dustin Martin
100%
2019 Richmond Dustin Martin
100%
2020 Richmond Dustin Martin
100%
2024 Brisbane Lachie Neale
100%
2023 Carlton Sam Walsh
100%
2021 Western Bulldogs Jack Macrae
80%
2022 Geelong Patrick Dangerfield
80%
2025 Brisbane Will Ashcroft
80%
2016 Sydney Josh Kennedy
60%
2018 Collingwood Steele Sidebottom
40%
No matching quizzes found
Score Distribution
Percent of People with Each Score
Percentile by Number Answered
Your Score History
You have not taken this quiz since the last reset